| 000 | 00722nam a2200229Ia 4500 | ||
|---|---|---|---|
| 001 | 1064 | ||
| 003 | GE_BSU | ||
| 008 | 181216s||||||||xx |||||||||||||| ||und|| | ||
| 040 | _cGE_BSU | ||
| 080 | _a796(075.8) | ||
| 100 | _aПод общ.ред.Ю.И.Портных | ||
| 245 | _aСпортивные игры и методика преподавания | ||
| 245 | _bуч-е пособие для студ физич. культуры | ||
| 250 | _a2-е допол. | ||
| 260 | _aМосква | ||
| 260 | _bФизкультура и спорт | ||
| 260 | _c1986 | ||
| 300 | _a320стр. | ||
| 541 | _h10л. | ||
| 653 | _aСпортивные игры и методика преподавания | ||
| 942 | _cBK | ||
| 999 |
_c35218 _d35218 |
||